Регионална библиотека "Любен Каравелов" - Русе

Histoire universelle (Запис номер 391294)

MARC детайли
000 -Лидер
Контролно поле с фиксирана дължина 01954nam a2200397 c 4500
003 - Код на организацията, давaща контролен номер
Контролно поле BLK
005 - Дата и час на последна редакция
Контролно поле 20231027124641.0
008 - Елементи от данни с фиксирана дължина
fixed length control field 180408b bul|||||r ||||||| ||bul||
010 ## - Наследен системен номер
LC control number KNG00066051000
040 ## - Източник на каталожния запис
Идентификатор на билиотеката - собственик на записа BLK
041 ## - Код за език
Код за езика на текст/звукозапис или на отделно заглавие Френски
Код за езика КДБФ Френски
080 ## - УДК
Текстов определител УДК История. Вж и (091) ; (093)
УДК код - определител по УДК 93/99
УДК - код + определител 93/99
100 ## - Редна дума - Автор
R(LIN) 1299
Автор Weber, Georges
Авторска отговорност първи автор
139 ## - Редно поле
Редна дума Weber, Georges
245 10 - Сведения за заглавието
Заглавие Histoire universelle
Подзаглавни данни T. 1 -
Том T. 13
Редно поле (дума) Geoges Weber
Заглавие на том Histoire contemporaine 1830 - 1872
257 ## - Страна на издаване
Страна на създаване/издаване Франция
260 ## - Област на издателските данни
Име на издателя, разпространителя и проч. A. Lacroix et C
Година на издаване 1883
9 (RLIN) 435934
Място на издаване, разпространение и проч. Paris
300 ## - Физическа характеристика
Размери/Мащаб 17 см
380 ## - Жанр
Жанр История
490 ## - СЕРИИ (Колекции)
9 (RLIN) 435080
Име на серия Колекция Редки и ценни издания
490 ## - СЕРИИ (Колекции)
9 (RLIN) 435931
Име на серия Лична библиотека на Захари Стоянов
№: серия 61
500 ## - Общи забележки
Забележка Датирано: 27.ІV. 936 № 201.
650 #4 - Допълнително описание по предмет – тема
Основно описание – тема или топоним Свят - история
9 (RLIN) 269230
653 ## - Ключова дума – ненормативна
Ключова дума световна история
760 1# - Описание на основната серия
Място на издаване, издател и година 1875
Страници - том 348 с.
Част - том T. 13
852 ## - Местоположение
Форматна сигнатура Рф 883 ЗСт
Фондова буква Редки и ценни
856 4# - Електронен адрес и достъп
Електронен формат jpg - файл
Име на файл Съдържание
Права за достъп Достъп за регистрирани потребители
Път до файла /url/ http://185.138.176.146:18082/cgi-bin/koha/opac-retrieve-file.pl?id=088b8ac90bfa641d860dc46215ed3fb2
Допълнителна информация (Корица, съдържание, пълен текст, звуков файл, HTML файл) Изображение
Информация за съдържанието Съдържание 1
856 4# - Електронен адрес и достъп
Електронен формат jpg - файл
Име на файл Съдържание
Права за достъп Достъп за регистрирани потребители
Път до файла /url/ http://185.138.176.146:18082/cgi-bin/koha/opac-retrieve-file.pl?id=8088d1275cac4d0bc56397fc3e080ce8
Допълнителна информация (Корица, съдържание, пълен текст, звуков файл, HTML файл) Изображение
Информация за съдържанието Съдържание 2
856 4# - Електронен адрес и достъп
Електронен формат jpg - файл
Име на файл Съдържание
Права за достъп Достъп за регистрирани потребители
Път до файла /url/ http://185.138.176.146:18082/cgi-bin/koha/opac-retrieve-file.pl?id=9f682bea063003eb9191697c30cfbbec
Допълнителна информация (Корица, съдържание, пълен текст, звуков файл, HTML файл) Изображение
Информация за съдържанието Съдържание 3
856 4# - Електронен адрес и достъп
Електронен формат jpg - файл
Име на файл Съдържание
Права за достъп Достъп за регистрирани потребители
Път до файла /url/ http://185.138.176.146:18082/cgi-bin/koha/opac-retrieve-file.pl?id=99e124cf6afa27643466ce691103f9c5
Допълнителна информация (Корица, съдържание, пълен текст, звуков файл, HTML файл) Изображение
Информация за съдържанието Съдържание 4
942 ## - АРТИКУЛИ
Вид на библиотечния материал Книги
Скрит в OPAC Не
Периодичен библиозапис Да
944 ## - СЪЗДАВАНЕ И РЕДАКЦИЯ на ЗАПИСА
Създаване/Редакция Създаване
Дата на регистрацията/редакция 2020-11-05
Служител, извършил регистрацията/редакцията 30542
Статус, дата на статуса Русанова Ирена
944 ## - СЪЗДАВАНЕ И РЕДАКЦИЯ на ЗАПИСА
Създаване/Редакция Редакция
Дата на регистрацията/редакция 03.12.2005
999 ## - СИСТЕМНИ КОНТРОЛНИ НОМЕРА
Koha biblionumber 391294
Koha biblioitemnumber 391294
999 ## - СИСТЕМНИ КОНТРОЛНИ НОМЕРА
Koha biblioitemnumber 391294
999 ## - СИСТЕМНИ КОНТРОЛНИ НОМЕРА
Koha biblioitemnumber 391294
Наличности
Код за отписване Код за изгубен артикул Източник на класификационната схема Код за повреда Коз за рестрикции Код за отдаване Артикулен № Име на библиотеката - собственик Име на библиотеката, в която се намира в момента Статус (Текущо местоположение) Дата на вписване в системата Местоположение - отдел Цена в лева Инвентарен номер Систематично азбучна сигнатура Баркод Цена в евро Служебен тип на артикула
  Не е изгубен Universal Decimal Classification Не е повреден само за читалня Специални фондове ( старопечатни, редки и ценни, фонд М. Арнаудов) 804857 Регионална библиотека "Любен Каравелов" Русе Регионална библиотека "Любен Каравелов" Русе Редки и ценни 2020-11-06 Редки и ценни 0.68 9970-ХІV Рф 875 ЗСт 900000038364 0.35 Книги
Vip Innovations Ltd, Rousse, Bulgaria 2025